| 000 | 00442nam a2200169Ia 4500 | ||
|---|---|---|---|
| 003 | STCL | ||
| 008 | 181203s9999 xx 000 0 und d | ||
| 020 | _a9780074624715 | ||
| 040 |
_aSTCL _bEN _cSTCL |
||
| 082 | _222 | ||
| 100 | _aTremblay, Jean-Paul; Sorenson, Paul G. | ||
| 245 | 3 | _aAn Introduction to Data Structures with Applications | |
| 260 |
_bMcGraw Hill _aNew Delhi _c2014 |
||
| 300 | _a861 | ||
| 546 | _aEnglish | ||
| 942 |
_2ddc _cBK |
||
| 999 |
_c84591 _d84591 |
||